डाकघर / (Record no. 50522)

MARC details
000 -LEADER
fixed length control field 01088nam a22002657a 4500
005 - DATE AND TIME OF LATEST TRANSACTION
control field 20110214110156.0
008 - FIXED-LENGTH DATA ELEMENTS--GENERAL INFORMATION
fixed length control field 090211t xxu||||| |||| 00| 0 hin d
010 ## - LCCN (DPL NO)
LC control number HIN-91867
020 ## - INTERNATIONAL STANDARD BOOK NUMBER
Terms of availability 75.00
International Standard Book Number 8188495158
035 ## - SYSTEM CONTROL NUMBER
System control number HN-64213
037 ## - SOURCE OF ACQUISITION
Source of stock number/acquisition DBAD / PUB
040 ## - CATALOGING SOURCE
Original cataloging agency DPL
Language of cataloging HN
082 ## - DEWEY DECIMAL CLASSIFICATION NUMBER
Classification number 822
100 ## - MAIN ENTRY--PERSONAL NAME
Personal name टैगोर, रवीन्द्रनाथ
9 (RLIN) 25892
245 ## - TITLE STATEMENT
Title डाकघर /
Statement of responsibility, etc रवीन्द्रनाथ टैगोर
246 ## - VARYING FORM OF TITLE
Title proper/short title Dakghar
Remainder of title by ravinder nath tagor
260 ## - PUBLICATION, DISTRIBUTION, ETC. (IMPRINT)
Place of publication, distribution, etc मथुरा
Name of publisher, distributor, etc रमन बुक सेंटर
Date of publication, distribution, etc 2010
270 ## - ADDRESS
Address 1940, बाढ़पुरा कॉलोनी, सदर रोड
City मथुरा (उ.प्र.)
Postal code 281001
300 ## - PHYSICAL DESCRIPTION
Extent 48पृ.
Dimensions 22सेमी. (सजिल्द)
650 ## - SUBJECT ADDED ENTRY--TOPICAL TERM
9 (RLIN) 1169
Topical term or geographic name as entry element हिन्दी नाटक
650 ## - SUBJECT ADDED ENTRY--TOPICAL TERM
9 (RLIN) 25893
Topical term or geographic name as entry element Hindi Play
700 ## - ADDED ENTRY--PERSONAL NAME
Personal name
9 (RLIN) 25894
942 ## - ADDED ENTRY ELEMENTS (KOHA)
Source of classification or shelving scheme Dewey Decimal Classification
Item type Hindi Books
Classification part 822
Call number suffix टैगोर
Holdings
Withdrawn status Lost status Source of classification or shelving scheme Damaged status Not for loan Collection code Home library Current library Date acquired Source of acquisition Cost, normal purchase price Total Checkouts Full call number Barcode Date last seen Copy number Cost, replacement price Koha item type
    Dewey Decimal Classification   Not For Loan Non-fiction D.B.Act.Division D.B.Act.Division 14/02/2011 DBAD /PUB 75.00   822 टैगोर HN-64213 14/02/2011 1 75.00 Hindi Books

© Delhi Public Library
Hit Counter
free hit counter